000 00397 a2200133 4500
005 20250602093106.0
020 _a978-1-292-20878-7
100 _aSAUNDERS, M.N.K
245 _aResearch Methods for Business Students
250 _a8th Ed.
260 _aHarlow
_bPearson Education Limited
_c2019
300 _axxxiii, 833p.: ill; graphs, pictures, tables
_bGlossary & Index
_c26.5 cm
942 _2ddc
_cBKS
999 _c2978
_d2978